LEADER 01083nam0-22003011i-450 001 990001645480403321 005 20190529131312.0 035 $a000164548 035 $aFED01000164548 035 $a(Aleph)000164548FED01 035 $a000164548 100 $a20030910d1970----km-y0itay50------ba 101 0 $aita 200 1 $aOsservazioni e relazioni fra traslocazione del virus del mosaico giallo (GYMV), della scolorazione perinervale(GVBV), e cordoni endocellulari in piante di vite$fGiuseppe Fogliani 210 $aParis$cInstitut National de la Recherche Agronomique$d1970 215 $a6 p.$d24 cm 610 0 $aFitopatologia 610 0 $aViti 676 $a581.2 676 $a634.8 700 1$aFogliani,$bGiuseppe$070755 801 0$aIT$bUNINA$gRICA$2UNIMARC 901 $aLG 912 $a990001645480403321 952 $a60 OP. 102/38$b45652$fFAGBC 959 $aFAGBC 996 $aOsservazioni e relazioni fra traslocazione del virus del mosaico giallo (GYMV), della scolorazione perinervale(GVBV), e cordoni endocellulari in piante di vite$9372098 997 $aUNINA LEADER 00999nam0-22003371i-450 001 990000845540403321 005 20191127125400.0 035 $a000084554 035 $aFED01000084554 035 $a(Aleph)000084554FED01 035 $a000084554 100 $a20001010d1961----km-y0itay50------ba 101 0 $aeng 105 $ay-------001yy 200 1 $aElements of functional analysis$fL. A. Lusternik, V. J. Sobolev 210 $aDelhi$cHindustan publishing$d1961 215 $aXIII, 411 p.$d22 cm 225 1 $aRussian Monographs and Texts in Mathematics and Physics$v5 610 0 $aAnalisi funzionale 676 $a515.7 700 1$aLusternik,$bL. A.$0442124 701 1$aSobolev,$bVladimir Ivanovich$041582 801 0$aIT$bUNINA$gRICA$2UNIMARC 901 $aBK 912 $a990000845540403321 952 $a02 21 D 22$b634$fFINBN 952 $a02 28 D 42$b5514$fFINBN 959 $aFINBN 996 $aElements of functional analysis$91566490 997 $aUNINA DB $aING01 LEADER 03346 am 2200661 n 450 001 9910502601303321 005 20210726 010 $a979-1-03-657687-4 024 7 $a10.4000/books.pup.42690 035 $a(CKB)4100000012052845 035 $a(FrMaCLE)OB-pup-42690 035 $a(oapen)https://directory.doabooks.org/handle/20.500.12854/86382 035 $a(PPN)258324147 035 $a(EXLCZ)994100000012052845 100 $a20211015j|||||||| ||| 0 101 0 $afre 135 $auu||||||m|||| 181 $ctxt$2rdacontent 182 $cc$2rdamedia 183 $acr$2rdacarrier 200 10$aIntroduction au Zibaldone de Giacomo Leopardi $eLa question du système /$fDavid Jérôme 210 $aAix-en-Provence $cPresses universitaires de Provence$d2021 215 $a1 online resource (272 p.) 225 1 $aÉpistémè 311 $a979-1-03-200202-5 330 $aLe Zibaldone est le grand journal de pensées de Giacomo Leopardi. Le jeune philosophe y consigne, sur près de quinze ans et plus de 4500 pages, des réflexions qu?il nomme « de philosophie variée et de belle littérature ». Et en effet, c?est bien la variété, et même la plus étonnante bigarrure qui caractérisent ce monumental magasin d?écriture : bigarrure des matières brassées (métaphysique, théologie, politique, morale, esthétique) et bigarrure des formes (aphorisme, anecdote, note érudite, essai). Le Zibaldone apparaît donc tout d?abord comme un flux discontinu et disparate de pensée. Cependant, Leopardi n?entend pas y exposer une rhapsodie de vérités isolées et fragmentaires mais un authentique système philosophique. « Il mio sistema » : tels sont les premiers mots du cri léopardien, de son exigence méthodologique et ontologique. Manquer d?esprit de système c?est manquer d?ordre, et c?est surtout manquer l?essence même du réel, de la nature en tant que totalité, une nature qu?il ne saurait concevoir autrement, elle aussi, que comme un système et un ordre. Quel est donc l?ordre du système léopardien ? Et dans quelle mesure celui-ci épouse-t-il l?ordre de la nature ? Quel est leur fondement commun ? Répondre à ces questions revient à montrer en quoi cette totalité mouvante, ouverte et rhizomatique qu?est le Zibaldone est le lieu le plus à même d?accueillir une pensée placée devant l?urgence de statuer sur les guises de l?existence et de la contradiction. 606 $aPhilosophy 606 $aesthétique 606 $apolitique 606 $aontologie 606 $amétaphysique 606 $aphilosophie 606 $athéologie 606 $amorale 606 $aZibaldone 610 $aesthétique 610 $apolitique 610 $aontologie 610 $amétaphysique 610 $aphilosophie 610 $athéologie 610 $amorale 610 $aZibaldone 615 4$aPhilosophy 615 4$aesthétique 615 4$apolitique 615 4$aontologie 615 4$amétaphysique 615 4$aphilosophie 615 4$athéologie 615 4$amorale 615 4$aZibaldone 700 $aJérôme$b David$01321973 801 0$bFR-FrMaCLE 906 $aBOOK 912 $a9910502601303321 996 $aIntroduction au Zibaldone de Giacomo Leopardi$93034668 997 $aUNINA